| 000 | 00845na a2200253 4500 | ||
|---|---|---|---|
| 001 | 13205 | ||
| 003 | MIRAKIL | ||
| 005 | 20181213154731.0 | ||
| 008 | 160908b tu 000 0 | ||
| 035 | _a13205 | ||
| 040 |
_aMilas _btur _cTR-AnCHP |
||
| 082 |
_a304.6 _bT96 2004 |
||
| 090 | _a304.6 T96 2004 | ||
| 245 |
_aTürkiye'de binyıl kalkınma hedefleri _bdemografik bakış _cBanu Akadlı Ergöçmen...[ve öte.] |
||
| 260 |
_aAnkara _bHacettepe Üniversitesi Nüfus Etütleri Enstitüsü ve Birleşmiş Milletler Nüfus Fonu _c2004 |
||
| 300 |
_a105 s. _bgrf.; tbl. _c24 sm. |
||
| 650 |
_aEkonomi _zTürkiye |
||
| 650 |
_aNüfus araştırması _zTürkiye |
||
| 650 |
_aDemografi _zTürkiye |
||
| 651 |
_aTürkiye _xStratejik planlama |
||
| 651 |
_aTürkiye _xKalkınma ekonomisi |
||
| 700 | _aAkadlı Ergöçmen, Banu | ||
| 942 |
_2dcc _cBKS |
||
| 999 |
_c44 _d44 |
||